| 000 | 00769cam a2200205 i 4500 | ||
|---|---|---|---|
| 005 | 20251214122135.0 | ||
| 008 | 250721s2000 jo gr 000 0 ara d | ||
| 082 | 1 | 4 |
_a216.8 _bع س ا |
| 100 | 1 |
_aالعساف، محمد مطلق _eمؤلف. |
|
| 245 | 1 | 0 |
_aفقه العقوبات / _cتاليف محمد مطلق عساف، محمود محمد حمودة. |
| 264 | 3 | 1 |
_aعمان : _bمؤسسة الوراق للنشر والتوزيع، _c2000. |
| 300 | _a261 صفحة. | ||
| 490 | 1 |
_aالسلسلة الفقهية ؛ _vرقم 4. |
|
| 650 | 1 | 7 | _aالفقه الإسلامي. |
| 650 | 1 | 7 | _aالعقوبات. |
| 700 | 1 |
_aحمودة، محمود محمد _eمؤلف. |
|
| 830 | 0 | _aالسلسلة الفقهية. | |
| 942 |
_2ddc _cBK |
||
| 999 |
_c11370 _d11370 |
||